| 000 | 00565cam a22001932 4500 | ||
|---|---|---|---|
| 001 | 0000007064 | ||
| 005 | 20151021151111.0 | ||
| 008 | 071110s xx 000 0 eng d | ||
| 020 |
_a9966707689 : _cKES 600 |
||
| 040 |
_aKABU _cKABU |
||
| 100 | 1 |
_aYabs, John. _@0000158105 |
|
| 245 | 1 | 0 |
_aStrategic management practice in Kenya / _cJohn Yabs. |
| 260 |
_aNairobi : _bLelax Global, _c2007. |
||
| 300 | _axvi, 210 p. | ||
| 650 | 0 |
_aStrategic planning. _@0000150576 |
|
| 908 | _a071110 | ||
| 950 | _@1 | ||
| 999 |
_c681 _d681 |
||